|
|
|
|
| LEADER |
00798cam a2200181 7i4500 |
| 001 |
0000026124 |
| 005 |
20170218090000.0 |
| 008 |
090202 eng |
| 090 |
0 |
0 |
|a HD30.2
|b .M64 2006
|
| 100 |
0 |
|
|a Mohd Fadhil Abu Bakar
|
| 245 |
1 |
0 |
|a Fraud Executive Information System for Telekom Malaysia Berhad
|c Mohd Fadhil bin Abu Bakar.
|
| 260 |
|
|
|a Bestari Jaya, Selangor:
|b UNISEL,
|c 2006.
|
| 300 |
|
|
|a x, 79 p.:
|b ill. (some col.);
|c 30 cm.
|
| 610 |
2 |
|
|a Universiti Industri Selangor
|
| 650 |
0 |
0 |
|a Software --
|x Microsoft Structure Query Language (SQL)
|
| 650 |
0 |
0 |
|a Fraud Executive Information System (FEIS)
|
| 997 |
|
|
|a Communication, Visual Art & Computing, Faculty
|b Computing, Department
|
| 999 |
|
|
|a PTR0000089
|b PRACTICAL TRAINING REPORT
|c PRACTICAL TRAINING REPORT
|e Thesis Room, Bestari Jaya
|